Wszystkie państwa współczesne kontrolowane przez Francję - Statystyki

Ogólne statystyki
  • Ten quiz został rozwiązany 13 117 razy
    1 373 od ostatniego zresetowania
  • Średni wynik to 107 z 120
Odpowiedzi na mapie
Odpowiedzi zakodowano w zielono-czerwonej skali na mapie do tego quizu, zgodnie z poniższymi procentami.
 
Statystyki odpowiedzi
Państwo % Poprawnych
Stany Zjednoczone
99%
Kanada
98%
Meksyk
97%
Francja
96%
Polska
96%
Argentyna
95%
Hiszpania
95%
Litwa
95%
Niemcy
95%
Norwegia
95%
Rosja
95%
Szwecja
95%
Ukraina
95%
Wielka Brytania
95%
Andora
94%
Austria
94%
Belgia
94%
Białoruś
94%
Chile
94%
Czechy
94%
Egipt
94%
Holandia
94%
Irlandia
94%
Kuba
94%
Łotwa
94%
Madagaskar
94%
Peru
94%
Portugalia
94%
Słowacja
94%
Węgry
94%
Włochy
94%
Algieria
93%
Brazylia
93%
Chorwacja
93%
Estonia
93%
Grecja
93%
Indie
93%
Kolumbia
93%
Maroko
93%
Monako
93%
Panama
93%
Paragwaj
93%
Rumunia
93%
San Marino
93%
Słowenia
93%
Turcja
93%
Urugwaj
93%
Watykan
93%
Wenezuela
93%
Albania
92%
Boliwia
92%
Chiny
92%
Dominika
92%
Haiti
92%
Liechtenstein
92%
Serbia
92%
Tunezja
92%
Wietnam
92%
Bośnia i Hercegowina
91%
Dominikana
91%
Ekwador
91%
Luksemburg
91%
Niger
91%
Syria
91%
Szwajcaria
91%
Australia
90%
Cypr
90%
Czad
90%
Filipiny
90%
Gujana
90%
Izrael
90%
Kosowo
90%
Libia
90%
Tajlandia
90%
Honduras
89%
Kambodża
89%
Laos
89%
Mali
89%
Tajwan
89%
Macedonia Północna
88%
Senegal
88%
Sri Lanka
88%
Surinam
88%
Gwatemala
87%
Kongo
87%
Kostaryka
87%
Nikaragua
87%
Salwador
87%
Bangladesz
86%
Malta
86%
Mauretania
86%
Nigeria
86%
Gwinea
85%
Jemen
85%
Jordania
85%
Liban
85%
Mołdawia
85%
Bułgaria
84%
Republika Środkowoafrykańska
84%
Togo
84%
Wybrzeże Kości Słoniowej
84%
Kamerun
83%
Gwinea Równikowa
82%
Kenia
82%
Seszele
82%
Benin
81%
Gabon
81%
Gambia
81%
Burkina Faso
79%
Dżibuti
79%
Komory
78%
Mauritius
77%
Saint Lucia
77%
Wyspy Świętego Tomasza i Książeca
77%
Saint Vincent i Grenadyny
76%
Saint Kitts i Nevis
75%
Antigua i Barbuda
74%
Grenada
73%
Vanuatu
70%
Trynidad i Tobago
69%
Nie znaleziono quizów pasujących do podanych kryteriów
Rozkład punktacji
Procent ludzi z każdym wynikiem
Percentyl według liczby udzielonych odpowiedzi
Twoja historia wyników
Nie rozwiązałeś tego quizu od ostatniego zresetowania